Geography and History of Tokyo on a Map - Statistics

General Stats
  • This quiz has been taken 64 times
  • The average score is 15 of 50
Answers on the Map
Answers color-coded by a green-red scale on the quiz's map according to % correct below.
 
Answer Stats
Answer % Correct
Tokyo Bay
79%
Shibuya
71%
Shinjuku
69%
Edo
67%
Meiji Shrine
60%
Hayao Miyazaki
58%
Tokyo Skytree
56%
Tokyo Imperial Palace
54%
Minato
44%
Sega
44%
Kantō Region
42%
Ueno Park
40%
Asakusa Station
38%
Hokusai
38%
Tsukiji Fish Market
38%
Chiyoda
37%
Kōtō
37%
Hachikō
35%
Setagaya
35%
Arakawa River
33%
Mitsubishi
33%
Akira Kurosawa
31%
Nerima
31%
Sumida River
31%
Rainbow Bridge
29%
Yasukuni Shrine
29%
Adachi
27%
Sensō-ji Temple
27%
Emperor Taishō
25%
Nippon Budokan
25%
Ikebukuro Station
21%
Keio University
21%
Ryuichi Sakamoto
19%
Hideo Kojima
15%
Tokugawa Yoshinobu
15%
Toho
13%
Ryōgoku Kokugikan
12%
Shigeru Yoshida
12%
Bridgestone
10%
Kasai Rinkai Park
10%
Hama-rikyū Gardens
8%
The Big {Mikan}
8%
Koishikawa-Kōrakuen
6%
Mode Gakuen Cocoon Tower
6%
Takuma Sato
6%
Zōjō-ji Temple
6%
Kan'ei-ji Temple
4%
Madhouse
4%
Daisuke Matsuzaka
2%
Nakagin Capsule Tower
2%
No matching quizzes found
Score Distribution
Percent of People with Each Score
Percentile by Number Answered
Your Score History
You have not taken this quiz